000 00467nam a2200181Ia 4500
001 16934
005 20260306170347.0
008 260306t2021||||xx |||||||||||||| ||und||
041 _aESP
082 _a657.3
_bO73
100 _aOrtega SalavarrĂ­a, Rosa
_eAUT
245 0 _aEl Covid-19 y sus principales impactos en los estados financieros
260 _c2021
300 _a526 páginas :
_c25 cm.
650 _aGEN
654 _aCCO
942 _cLIB
_dJUS
_fJUS
_2ddc
_n
999 _c16934
_d16934